| 000 | 00614nam a22001937a 4500 | ||
|---|---|---|---|
| 999 |
_c181921 _d181921 |
||
| 005 | 20211008155453.0 | ||
| 010 | _aENG-130016 | ||
| 020 |
_c225.00 _a978-93-90866-38-0 |
||
| 035 | _aEN-113548 | ||
| 037 | _bDBAD/PUB | ||
| 082 | _a890 | ||
| 245 |
_aTribal Literature and Oral Expressions in India : _cEdited by: Srivastava, Prem Kumari |
||
| 250 | _a2021 | ||
| 260 |
_bSahitya Akademi _aNew Delhi _c2021 |
||
| 270 |
_aRabindra Bhavan, 35, Ferozeshah Road _bNew Delhi _e110001 _k011-23386626 |
||
| 300 |
_a186 p. _c22 cm (pbk) |
||
| 700 | _aPrem Kumari Srivastava | ||
| 942 |
_2ddc _cEN _h890 _mTRI |
||